000 00613nam a22001937a 4500
003 koha_MIRAKIL
005 20240918160404.0
008 231213b |||||||| |||| 00| 0 ||| d
020 _a9786054504886
040 _aTR-IsEVY
_btur
_cTR-IsEVY
082 _aFIC MOR/F
100 _aMoran, Jose.
245 0 _aFil ve cömertlik /
_cJose Moran ; resimler Simon Mendez.
260 _bÇiçek Yayıncılık ,
_aİstanbul :
300 _a22 s.
650 _aChildren's literature -- Short stories.
650 _aÇocuk edebiyatı -- Hikaye.
_vDeğerler Eğitimi.
_vCömertlik.
_vResimli Kitaplar.
942 _2ddc
_cBK
999 _c17328
_d17328